[Event "Wch U12"]
[Site "Batumi"]
[Date "2016.10.26"]
[Round "7"]
[White "Babazada, Khazar Araz"]
[Black "Batjargal, Erdenebat"]
[Result "1-0"]
[WhiteElo "2092"]
[BlackElo "1676"]
[PlyCount "107"]
[EventDate "2016.10.19"]
[EventType "swiss"]
[EventRounds "11"]
[EventCountry "GEO"]
[SourceTitle "EXT 2018"]
[Source "ChessBase"]
[SourceDate "2017.10.13"]
[SourceVersion "1"]
[SourceVersionDate "2017.10.13"]
[SourceQuality "1"]

1. Nf3 c5 2. g3 Nc6 3. Bg2 g6 4. 0-0 Bg7 5. d3 Nf6 6. Nc3 0-0 7. e4 d5 8. Nd2 Bg4 9. f3 Be6 10. h3 dxe4 11. Ncxe4 Nxe4 12. Nxe4 c4 13. Ng5 Bd5 14. Kh2 Qb6 15. Qe2 cxd3 16. Qxd3 Rfd8 17. Qe2 Nd4 18. Qf2 e5 19. f4 Bxg2 20. Qxg2 h6 21. Ne4 f5 22. Nd2 Rac8 23. c3 Nc2 24. Nc4 Rxc4 25. Qxc2 e4 26. Re1 Rd3 27. Qe2 Rc8 28. Be3 Qa6 29. Qf2 b6 30. Rg1 h5 31. g4 hxg4 32. hxg4 Kf7 33. Rg3 Qb5 34. Kg2 Rh8 35. a4 Qd7 36. Qe2 fxg4 37. a5 Rh3 38. Rxh3 gxh3+ 39. Kh2 b5 40. Rg1 a6 41. Kh1 Bf6 42. Qf2 Qf5 43. Kh2 Qh5 44. Bc1 Be7 45. Qb6 Qe2+ 46. Kh1 Qf3+ 47. Kh2 Bd6 48. Qb7+ Kf6 49. Qb6 Kg7 50. Qb7+ Kh6 51. Qf7 Qf2+ 52. Kh1 Rg3 53. f5+ g5 54. Qg6# 1-0

[Event "Wch U12"]
[Site "Batumi"]
[Date "2016.10.22"]
[Round "4"]
[White "Batjargal, Erdenebat"]
[Black "Chiranjan Kumarr, KS."]
[Result "1-0"]
[WhiteElo "1676"]
[BlackElo "1339"]
[PlyCount "73"]
[EventDate "2016.10.19"]
[EventType "swiss"]
[EventRounds "11"]
[EventCountry "GEO"]
[SourceTitle "EXT 2018"]
[Source "ChessBase"]
[SourceDate "2017.10.13"]
[SourceVersion "1"]
[SourceVersionDate "2017.10.13"]
[SourceQuality "1"]

1. c4 e6 2. Nc3 d5 3. cxd5 exd5 4. d4 c6 5. Nf3 Bd6 6. Bg5 f6 7. Bh4 Bg4 8. e3 Ne7 9. Bd3 Nd7 10. Bg3 Qc7 11. Qc2 Rc8 12. Nd2 Be6 13. Rc1 a6 14. Na4 h5 15. Nb3 h4 16. Bxd6 Qxd6 17. Nac5 0-0 18. 0-0 Rc7 19. Qe2 g6 20. e4 Nxc5 21. Nxc5 dxe4 22. Qxe4 Bf5 23. Qxh4 Bxd3 24. Nxd3 Nf5 25. Qf4 Qxf4 26. Nxf4 Nxd4 27. Rcd1 c5 28. Nxg6 Rff7 29. g3 Rh7 30. f4 Nf5 31. Rd5 Ne3 32. Rd8+ Kf7 33. Re1 Ng4 34. f5 Nxh2 35. Rde8 Nf3+ 36. Kf1 Nd4 37. g4 1-0

[Event "Asia-ch U12"]
[Site "Ulaanbaatar"]
[Date "2016.04.13"]
[Round "8"]
[White "Batjargal, Erdenebat"]
[Black "Al Darmaky, Sultan"]
[Result "1-0"]
[WhiteElo "1660"]
[BlackElo "1457"]
[PlyCount "49"]
[EventDate "2016.04.06"]
[EventType "swiss"]
[EventRounds "9"]
[EventCountry "MGL"]
[SourceTitle "EXT 2017"]
[Source "ChessBase"]
[SourceDate "2016.10.25"]
[SourceVersion "1"]
[SourceVersionDate "2016.10.25"]
[SourceQuality "1"]

1. c4 c5 2. Nc3 Nc6 3. g3 g6 4. Bg2 Bg7 5. e3 Nh6 6. Nge2 Nf5 7. 0-0 0-0 8. b3 d6 9. Bb2 Rb8 10. Rb1 Bd7 11. Nd5 a6 12. Bxg7 Kxg7 13. d4 b5 14. dxc5 dxc5 15. cxb5 axb5 16. Rc1 c4 17. bxc4 Ne5 18. e4 Nd6 19. Qd4 f6 20. Nxf6 exf6 21. Qxd6 Nxc4 22. Qb4 Bg4 23. Nf4 Kh6 24. h3 Qd2 25. Rxc4 1-0

[Event "Ulaanbaatar Children's Game 5th"]
[Site "Ulaanbaatar"]
[Date "2015.09.18"]
[Round "7.3"]
[White "Batjargal, Erdenebat"]
[Black "Chinguun, Otgonbayar"]
[Result "1/2-1/2"]
[WhiteElo "1666"]
[BlackElo "1882"]
[PlyCount "158"]
[EventDate "2015.09.14"]
[EventType "tourn"]
[EventRounds "7"]
[EventCountry "MGL"]
[SourceTitle "EXT 2024"]
[Source "ChessBase"]
[SourceDate "2023.10.10"]
[SourceVersion "1"]
[SourceVersionDate "2023.10.10"]
[SourceQuality "1"]

1. c4 c5 2. Nc3 b6 3. Nf3 Bb7 4. g3 Nf6 5. Bg2 e6 6. 0-0 Be7 7. d4 cxd4 8. Nxd4 Bxg2 9. Kxg2 0-0 10. e4 d6 11. Be3 a6 12. Qe2 Qc7 13. Rac1 Nbd7 14. b3 Qb7 15. f3 Rfe8 16. Rfd1 Rad8 17. Qf2 Bf8 18. Nde2 Nc5 19. Bf4 a5 20. Rd2 Rd7 21. Rcd1 Red8 22. Bg5 Be7 23. Qe3 h6 24. Bxf6 Bxf6 25. Nf4 Qc6 26. h4 Be5 27. Nce2 a4 28. Nd3 Nxd3 29. Rxd3 b5 30. c5 axb3 31. axb3 b4 32. f4 Bf6 33. cxd6 Rxd6 34. Rxd6 Rxd6 35. Rxd6 Qxd6 36. e5 Qd5+ 37. Qf3 Be7 38. Qxd5 exd5 39. Kf3 Kf8 40. Nc1 Ke8 41. Nd3 Kd7 42. Ke3 g6 43. Kd4 Kc6 44. g4 f5 45. h5 gxh5 46. gxf5 h4 47. f6 Bd8 48. Nxb4+ Kd7 49. Kxd5 h3 50. e6+ Ke8 51. f7+ Kf8 52. Nd3 Bb6 53. Kd6 h2 54. Kd7 h1Q 55. e7+ Kxf7 56. e8Q+ Kg7 57. Qe7+ Kg8 58. Qe6+ Kg7 59. Qxb6 Qh3+ 60. Qe6 Qxd3+ 61. Ke7 Qb5 62. Qe5+ Qxe5+ 63. fxe5 h5 64. Kd7 h4 65. e6 h3 66. e7 h2 67. e8Q h1Q 68. Qe6 Qb7+ 69. Kd6 Qb6+ 70. Ke5 Qe3+ 71. Kf5 Qf3+ 72. Kg5 Qg3+ 73. Kh5 Kf8 74. Qc4 Ke7 75. b4 Kf6 76. Qc6+ Kf5 77. Qc8+ Kf6 78. Qf8+ Ke6 79. Qh6+ Kf5 1/2-1/2

[Event "Ulaanbaatar Children's Game 5th"]
[Site "Ulaanbaatar"]
[Date "2015.09.15"]
[Round "2.2"]
[White "Batjargal, Erdenebat"]
[Black "Boldoo, Erdenepurev"]
[Result "0-1"]
[WhiteElo "1666"]
[BlackElo "2186"]
[PlyCount "70"]
[EventDate "2015.09.14"]
[EventType "tourn"]
[EventRounds "7"]
[EventCountry "MGL"]
[SourceTitle "EXT 2024"]
[Source "ChessBase"]
[SourceDate "2023.10.10"]
[SourceVersion "1"]
[SourceVersionDate "2023.10.10"]
[SourceQuality "1"]

1. c4 Nf6 2. Nc3 g6 3. d4 Bg7 4. e4 d6 5. f3 Nc6 6. Nge2 a6 7. g4 Rb8 8. Ng3 e5 9. d5 Nd4 10. Be3 c5 11. dxc6 bxc6 12. b3 h5 13. g5 h4 14. gxf6 Qxf6 15. Bg2 h3 16. Bf1 Nxf3+ 17. Ke2 Nxh2 18. Kd3 Ng4 19. Qe1 Bh6 20. Nd1 Bxe3 21. Nxe3 Nf2+ 22. Kc2 Nxh1 23. Nxh1 Qf3 24. Bd3 f5 25. exf5 e4 26. Rd1 gxf5 27. Bf1 Qf4 28. Qa5 Bd7 29. Qc7 Rc8 30. Qa7 Qe5 31. Nf2 h2 32. Bg2 Qc5 33. Qxc5 dxc5 34. Nh3 Ke7 35. Rf1 Rcg8 0-1

[Event "World ol U16"]
[Site "Ulaanbaatar"]
[Date "2015.08.22"]
[Round "3.3"]
[White "Batjargal, Erdenebat"]
[Black "Ozen, Deniz"]
[Result "0-1"]
[WhiteElo "1678"]
[BlackElo "2066"]
[PlyCount "118"]
[EventDate "2015.08.20"]
[EventType "team-swiss"]
[EventRounds "9"]
[EventCountry "MGL"]
[SourceTitle "EXT 2016"]
[Source "ChessBase"]
[SourceDate "2015.10.08"]
[SourceVersion "1"]
[SourceVersionDate "2015.10.08"]
[SourceQuality "1"]
[WhiteTeam "Mongolia V"]
[BlackTeam "Turkey"]
[WhiteTeamCountry "MGL"]
[BlackTeamCountry "TUR"]

1. c4 Nf6 2. Nc3 e6 3. e4 c5 4. Nf3 Nc6 5. Be2 e5 6. 0-0 d6 7. d3 h6 8. h3 Be7 9. Be3 Be6 10. Nh2 g5 11. Ng4 Qd7 12. Nxf6+ Bxf6 13. Nd5 Bg7 14. Bg4 Bxg4 15. hxg4 Ne7 16. Nxe7 Qxe7 17. Rb1 0-0 18. Qf3 a5 19. g3 Rfb8 20. a4 Re8 21. Qf5 Qe6 22. f4 Qxf5 23. gxf5 f6 24. fxe5 Rxe5 25. g4 Kf7 26. Kf2 Ra6 27. Ke2 Rb6 28. Bd2 Re8 29. Bxa5 Ra6 30. b4 b6 31. bxc5 bxa5 32. cxd6 Rxd6 33. c5 Rc6 34. Rb5 Bf8 35. Rc1 Re5 36. Rb2 Kg8 37. Rb6 Rcxc5 38. Rcb1 Rc2+ 39. Kd1 Rg2 40. Rxf6 Rg1+ 41. Kc2 Rc5+ 42. Kb2 Rg2+ 43. Kb3 Bg7 44. d4 Rc8 45. Rg6 Rb8+ 46. Kc4 Rxb1 47. f6 Kf7 48. fxg7 Kg8 49. e5 Rxg4 50. Kc5 Rc1+ 51. Kd5 Rd1 52. Ke6 Rgxd4 53. Kf6 Rf1+ 54. Ke7 Rf7+ 55. Ke8 Rb4 56. Rd6 Rb8+ 57. Rd8 Rxd8+ 58. Kxd8 Rxg7 59. e6 Kf8 0-1